[Event "Challenge"]
[Site "http://www.queenalice.com/game.php?id=905109"]
[Date "2011.2.24"]
[Round "-"]
[White "matheus15"]
[Black "pietro42re"]
[Result "1-0"]
[WhiteElo "1319"]
[BlackElo "1056"]

1. e4 e5 2. Nf3 Qh4 3. Nxh4 Nh6 4. b3 b6 5. Nf5 Nc6 6. Bb2 Bc5 7. d4 Nxd4 8.
Nxd4 exd4 9. Bxd4 Be7 10. Bxg7 Bb4+ 11. c3 Bc5 12. Bxh8 Bb7 13. Nd2 O-O-O 14.
Bf6 Re8 15. Bd3 Re6 16. Bg5 Rg6 17. b4 Bd6 18. Nf3 Be5 19. Nxe5 Rxg5 20. Nf3
Rxg2 21. Bb5 a6 22. Qxd7+ 1-0

[Event "AUTO-OPEN-2276"]
[Site "http://www.queenalice.com/game.php?id=905218"]
[Date "2011.2.25"]
[Round "1"]
[White "matheus15"]
[Black "od_xavier"]
[Result "0-1"]
[WhiteElo "1282"]
[BlackElo "1799"]

1. e4 e5 2. Nf3 Nc6 3. Bb5 a6 4. Bxc6 dxc6 5. O-O Nf6 6. d4 Bg4 7. h3 Be6 8.
Nxe5 Nxe4 9. Qf3 Nf6 10. Nc3 Bb4 11. a3 Qxd4 12. axb4 Qxe5 13. Bf4 Qf5 14. Rac1
O-O 15. Bxc7 Qxf3 16. gxf3 Bxh3 17. Rfe1 Rae8 18. Kh2 Bf5 19. Bd6 Rxe1 20. Rxe1
Rc8 21. Re2 g5 22. Ne4 Nd5 23. c3 Re8 24. c4 Nf6 25. Nxf6+ Kg7 26. Nxe8+ Kg6 27.
Nc7 Bd3 0-1

[Event "AUTO-OPEN-2276"]
[Site "http://www.queenalice.com/game.php?id=905220"]
[Date "2011.2.25"]
[Round "1"]
[White "matheus15"]
[Black "Dracon83"]
[Result "0-1"]
[WhiteElo "1334"]
[BlackElo "1854"]

1. e4 e5 2. Nf3 Nc6 3. Bb5 Nd4 4. Nc3 Nxf3+ 5. Qxf3 c6 6. Bc4 Nf6 7. O-O b5 8.
Be2 b4 9. Nd1 d5 10. d3 h6 11. c3 Bg4 12. Qe3 d4 13. Qd2 bxc3 14. bxc3 Bxe2 15.
Qxe2 dxc3 16. Nxc3 Bd6 17. Bb2 O-O 18. Rfe1 Bb4 19. a3 Bxc3 20. Bxc3 Nd7 21. d4
exd4 22. Bxd4 f6 23. e5 fxe5 24. Bxe5 Nxe5 25. Qxe5 Qd7 26. Rad1 Qe7 0-1

[Event "AUTO-OPEN-2276"]
[Site "http://www.queenalice.com/game.php?id=905221"]
[Date "2011.2.25"]
[Round "1"]
[White "Dracon83"]
[Black "matheus15"]
[Result "1-0"]
[WhiteElo "1852"]
[BlackElo "1334"]

1. d4 d5 2. Nc3 e6 3. e4 Bb4 4. Bd2 Nf6 5. Bg5 h6 6. Bxf6 gxf6 7. exd5 exd5 8.
Ne2 Bg4 9. f3 Bf5 10. g4 Be6 11. Qd3 Nc6 12. a3 Bxc3+ 13. Nxc3 f5 14. gxf5 Bc8
15. O-O-O Qg5+ 16. Kb1 Bxf5 17. Qe3+ Qe7 18. Re1 O-O-O 19. Qf2 Qf6 20. Ne4 Bxe4
21. Bg2 Nxd4 22. Kc1 Qf4+ 23. Qe3 Qxe3+ 24. Rxe3 Bxc2 25. Kd2 Nf5 26. Bh3 Kb8
27. Rc3 1-0

[Event "AUTO-OPEN-2296"]
[Site "http://www.queenalice.com/game.php?id=912874"]
[Date "2011.3.15"]
[Round "1"]
[White "jssouza100"]
[Black "matheus15"]
[Result "1-0"]
[WhiteElo "1864"]
[BlackElo "1336"]

1. e4 e5 2. Nf3 Nc6 3. Bb5 a6 4. Bc4 b5 5. Bd5 Bb7 6. O-O Bc5 7. d3 Nf6 8. Ng5
Ng4 9. Qxg4 Nd4 10. Nxf7 Qe7 11. Nxh8 Nxc2 12. Bxb7 Rb8 13. Bg5 Qd6 14. Qh5+ g6
15. Qxh7 Qf8 16. Qxg6+ Qf7 17. Nxf7 Rxb7 18. Nd6+ Kf8 19. Qf7# 1-0

[Event "AUTO-OPEN-2296"]
[Site "http://www.queenalice.com/game.php?id=912875"]
[Date "2011.3.15"]
[Round "1"]
[White "matheus15"]
[Black "jssouza100"]
[Result "0-1"]
[WhiteElo "1284"]
[BlackElo "1817"]

1. e4 e5 2. Nf3 Nc6 3. Bb5 a6 4. Bxc6 dxc6 5. O-O Nf6 6. d4 exd4 7. Qxd4 Bd6 8.
e5 Bxe5 9. Qxe5+ Be6 10. Bg5 h6 11. Bxf6 gxf6 12. Qd4 Bd5 13. Nbd2 Qd6 14. Ne4
Bxe4 15. Qxe4+ Qe6 16. Rfe1 O-O-O 17. Qxe6+ fxe6 18. Rxe6 Rhf8 19. Rae1 h5 20.
h3 c5 21. g4 hxg4 0-1

[Event "AUTO-OPEN-2296"]
[Site "http://www.queenalice.com/game.php?id=912912"]
[Date "2011.3.15"]
[Round "1"]
[White "technicaldraw"]
[Black "matheus15"]
[Result "1-0"]
[WhiteElo "2030"]
[BlackElo "1319"]

1. e4 e5 2. Nf3 Nc6 3. Bb5 a6 4. Bxc6 dxc6 5. O-O Bd6 6. d4 exd4 7. Qxd4 c5 8.
Qxg7 Qf6 9. Qxf6 Nxf6 10. e5 Bg4 11. exd6 cxd6 12. Re1+ Kd7 13. Bg5 Nd5 14. Nbd2
Nb4 15. a3 Nxc2 16. Re7+ Kc6 17. Rc1 Nd4 18. Nxd4+ Kb6 19. Nc4+ Ka7 20. Nc6# 1-0

[Event "AUTO-OPEN-2296"]
[Site "http://www.queenalice.com/game.php?id=912913"]
[Date "2011.3.15"]
[Round "1"]
[White "matheus15"]
[Black "technicaldraw"]
[Result "0-1"]
[WhiteElo "1334"]
[BlackElo "2041"]

1. e4 c5 2. Nf3 e6 3. d4 cxd4 4. Nxd4 Nf6 5. Nd2 d5 6. f3 dxe4 7. fxe4 Qxd4 8.
Qe2 Nc6 9. Nf3 Qxe4 10. Bg5 Qxe2+ 11. Bxe2 Be7 12. O-O-O Bd7 13. Bb5 O-O-O 14.
Rhe1 a6 15. Bxc6 Bxc6 16. Ne5 Rxd1+ 17. Rxd1 h6 18. Nxf7 Rf8 19. Nd6+ Bxd6 20.
Rxd6 hxg5 21. Rxe6 Bxg2 22. a3 Ne4 23. b4 Kd7 24. Re5 Kd6 25. Ra5 Kc6 26. c4 Rf2
27. b5+ Kb6 28. Ra4 Nc3 29. Rb4 Na2+ 0-1

[Event "AUTO-OPEN-2311"]
[Site "http://www.queenalice.com/game.php?id=917660"]
[Date "2011.3.26"]
[Round "1"]
[White "matheus15"]
[Black "Janivgm"]
[Result "0-1"]
[WhiteElo "1334"]
[BlackElo "1816"]

1. e4 e5 2. Nf3 Nc6 3. Bb5 d6 4. d4 Bd7 5. Bg5 Nf6 6. O-O a6 7. Bxc6 Bxc6 8. d5
Bb5 9. Re1 h6 10. Bxf6 Qxf6 11. Nc3 g5 0-1